000 00249 a2200121 4500
001 63831
020 _a9789693511635
090 _c37750
_d37750
100 _aYounas Butt
245 _aFamily Front
260 _aLahore
_bSang-e-Meel
_c2006
300 _a248pp
942 _aNUST-CAE
999 _c298904
_d298904